Ciutat compacta, ciutat difusa
ISBN:
84-88068-66-2
Descripción Física:
117 p., taules, map. ; 30 cm
MARC
| LEADER | 00000nam a2200000Ia 4500 | ||
|---|---|---|---|
| 001 | 14152 | ||
| 008 | 160829s2002 xx 000 0 cat d | ||
| 020 | |a 84-88068-66-2 | ||
| 080 | |a H-2-146 | ||
| 245 | |a Ciutat compacta, ciutat difusa | ||
| 260 | |a [Barcelona] : |b Institut d'Estudis Regionals i Metropolitans de Barcelona, |c 2002 | ||
| 300 | |a 117 p., taules, map. ; |c 30 cm | ||
| 490 | |a Papers / Institut d'Estudis Regionals i Metropolitans de Barcelona ; 36 | ||
| 590 | |a A la portada: Regió Metropolitana de Barcelona. Territori-Estratègies-Planejament. | ||
| 590 | |a A la part inferior de la portada: Federació de Municipis de Catalunya, Àrea metropolitana de Barcelona. Mancomunitat de municipis, Ajuntament de Barcelona, Diputació de Barcelona. Xarxa de municipis, Generalitat de Catalunya. | ||
| 590 | |a Bibliografia | ||
| 650 | |a Geografia urbana |9 37774 | ||
| 650 | |a Urbanisme |9 30914 | ||
| 650 | 0 | |a Política urbana |9 49061 | |
| 650 | |a Barcelona (Àrea Metropolitana) |x Descripció |9 34491 | ||
| 710 | |a Institut d'Estudis Regionals i Metropolitans de Barcelona |9 17648 | ||
| 901 | |a Arxiu | ||
| 942 | |n 1 | ||
| 952 | |0 0 |1 0 |4 0 |6 H2146 |7 1 |9 46539 |a Arxiu |b Arxiu |d 2016-12-01 |l 0 |o H-2-146 |p 14152 |r 2016-12-01 00:00:00 |w 2016-12-01 |y ARXIU | ||
| 999 | |c 50330 |d 50330 | ||